000
00293nam a22001217a 4500
008
200130b ||||| |||| 00| 0 eng d
020
_a
9788131713310
082
_a
006.33 WAG
100
_a
WATERMAN, Donald A
245
_a
Guide To Expert Systems
250
_6
3th
260
_a
New Delhi
_b
Pearson
999
_c
8443
_d
8443